| 000 | 00898nam a2200241Ia 4500 | ||
|---|---|---|---|
| 003 | OSt | ||
| 005 | 20220923211057.0 | ||
| 006 | a|||||r|||| 00| 0 | ||
| 007 | ta | ||
| 008 | 220922b |||||||| |||| 00| 0 pan d | ||
| 020 |
_a81777010377 (hbk) _c200 |
||
| 024 | _a238,179 | ||
| 037 |
_b237, 17/12/2008, N. R. Book Distributors _cTextual |
||
| 040 |
_aARTS _cARTS _bpan |
||
| 041 |
_2pan _apan |
||
| 082 | _aO15393:g, N3;P4 | ||
| 100 |
_aਸੁਰਿੰਦਰਪਾਲ ਸਿੰਘ, ਥਦ. _9157927 |
||
| 245 | 0 | _aਬਦੇFੀ ਪੰਜਾਬੀ ਸਾਹਿਤ | |
| 260 |
_aਅੰਮ੍ਰਿਤਸਰ _b ਗੁਰੂ ਨਾਨਕ ਦੇਵ ਯੂਨੀਵਰਸਿਟੀ _c2004 |
||
| 300 |
_a188ਪੰ _ccm. |
||
| 942 |
_hO15393:g, N3;P4 _cTEXL _2CC |
||
| 999 |
_c294885 _d294885 |
||